[Event "Quebec-ch qual 1"]
[Site "Montreal"]
[Date "2003.05.03"]
[Round "2"]
[White "Tuminello, Flavio"]
[Black "Landry, Sylvain"]
[Result "0-1"]
[WhiteElo "1381"]
[BlackElo "1975"]
[PlyCount "62"]
[EventDate "2003.05.??"]
[EventType "swiss"]
[EventRounds "5"]
[EventCountry "CAN"]
[SourceTitle "EXT 2006"]
[Source "ChessBase"]
[SourceDate "2005.11.24"]
[SourceVersion "1"]
[SourceVersionDate "2005.11.24"]
[SourceQuality "1"]

1. e4 c5 2. Nf3 d6 3. d4 cxd4 4. Nxd4 Nf6 5. Nc3 a6 6. Be2 e5 7. Nb3 Be7 8. Bg5 Be6 9. 0-0 0-0 10. Qd2 Qc7 11. f4 Nbd7 12. f5 Bc4 13. Bxc4 Qxc4 14. Bxf6 Nxf6 15. Rfe1 Rfc8 16. Qe2 b5 17. Qxc4 Rxc4 18. Nd2 Rc6 19. Rac1 Rac8 20. a3 Bd8 21. h3 Ba5 22. Ndb1 Rc4 23. Rcd1 Rd4 24. Re2 Bb6 25. Kh2 Rxd1 26. Nxd1 Kf8 27. Kg3 Rc4 28. Kf3 d5 29. exd5 Rf4+ 30. Kg3 Bg1 31. Rxe5 Nh5# 0-1